000 00520nam a2200169Ia 4500
003 GCL
008 140319s9999 xx 000 0 ara d
040 _aGCL /
_cGCL
082 0 4 _a361
_bم م
100 1 _aمصطفى عمر التير
245 1 0 _aمقدمة فى مبادىء واسس البحث الاجتماعى /
_cمصطفى عمر التير
300 _a380 ص
490 _a100 قصة
_v0
650 0 4 _aالخدمة الاجتماعية
650 0 4 _aالرعاية الاجتماعية
942 _2ddc
_cBK
999 _c44310
_d44310